000
00329nam a2200133Ia 4500
008
240624s9999 xx 000 0 und d
041
_a
eng
082
_a
001.433 KIM
100
_a
KIM JEONG HEE
245
_a
UNDERSTANDING NARRATIVE INQUIRY
260
_c
2016
_a
New Delhi
_b
Sage
300
_a
xx, 341 p.; 23 cm.
365
_c
_b
32
999
_c
30044
_d
30044